• 首页
  • 本馆介绍
  • 公告通知
  • 最新文献
  • 馆藏检索
  • 电子资源
  • 读者导购
  • 参考咨询
  • 我的图书馆
  • 登录
  • 详细信息显示
  • 放入我的书架
  • 预约/预借图书
  • 作者相关作品
  • 分类相关作品
  • 丛书相关作品
  • 出版社相关作品

书目信息

  • 表格格式
  • 工作单格式
  • 卡片格式
题名:
电化教育实用教程
    
 
作者: 萧树滋 主编
分册:  
出版信息: 石家庄   河北科学技术出版社  1993
页数: 284页
开本: 20cm
丛书名:
单 册:
中图分类: G43
科图分类: 38.1638
主题词: 电化教学--师范大学--教材
电子资源:
ISBN: 7-5375-1194-2
000 00670nam 2200229 45
001 0191001052
005 20070719092559.15
010    @a7-5375-1194-2@dCNY5.50
100    @a19910114d1993 em y0chiy0121 ea
101 0  @achi
102    @aCN@b130000
105    @af z 000yy
200 10 @a电化教育实用教程@ADIAN HUA JIAO YU SHI YONG JIAO CHENG@f萧树滋 主编@Fxiao shu zi zhu bian
210    @a石家庄@c河北科学技术出版社@d1993
215    @a284页@d20cm
540 1  @a电化 教育@ADIAN HUA JIAO YU
606    @a电化教学@x师范大学@x教材
690    @aG43
692    @a38.1638
701  0 @a萧树滋@Axiao shu zi@4主编
801  0 @aCN@bTSSF@c20070719
905    @a10447@dG43@e69
    
    电化教育实用教程/萧树滋 主编.-石家庄:河北科学技术出版社,1993
    284页;20cm
    
    
    ISBN 7-5375-1194-2:CNY5.50
    
●
相关链接 在E读中查询图书 在五车中查询图书 在当当中查询图书 在豆瓣中查询图书


正题名:电化教育实用教程     索取号:G43/69         预约/预借

序号 登录号 条形码 馆藏地/架位号 状态 备注
1 0396416   203964166   密集书库/ [索取号:G43/69] 在馆    
2 0396417   203964175   密集书库/ [索取号:G43/69] 在馆    
3 0396418   203964184   密集书库/ [索取号:G43/69] 在馆    
4 0396419   203964193   密集书库/ [索取号:G43/69] 在馆    
5 0396420   203964200   密集书库/ [索取号:G43/69] 在馆    
6 0396421   203964219   密集书库/ [索取号:G43/69] 在馆    
7 0396422   203964228   密集书库/ [索取号:G43/69] 在馆    
8 0396423   203964237   密集书库/ [索取号:G43/69] 在馆    
9 0396424   203964246   密集书库/ [索取号:G43/69] 在馆    
10 0396425   203964255   密集书库/ [索取号:G43/69] 在馆    
11 0396426   203964264   密集书库/ [索取号:G43/69] 在馆    
12 0396427   203964273   密集书库/ [索取号:G43/69] 在馆    
13 0396428   203964282   密集书库/ [索取号:G43/69] 在馆    
14 0396429   203964291   密集书库/ [索取号:G43/69] 在馆    
15 0396430   203964308   密集书库/ [索取号:G43/69] 在馆    
16 0396431   203964317   密集书库/ [索取号:G43/69] 在馆    
17 0396432   203964326   密集书库/ [索取号:G43/69] 在馆    
18 0396433   203964335   密集书库/ [索取号:G43/69] 在馆    
19 0396434   203964344   密集书库/ [索取号:G43/69] 在馆    
20 0396435   203964353   密集书库/ [索取号:G43/69] 在馆    
21 0396436   203964362   密集书库/ [索取号:G43/69] 在馆    
22 0396437   203964371   密集书库/ [索取号:G43/69] 在馆    
23 0396438   203964380   密集书库/ [索取号:G43/69] 在馆    
24 0396439   203964399   密集书库/ [索取号:G43/69] 在馆    
25 0396440   203964406   密集书库/ [索取号:G43/69] 在馆    
26 0396441   203964415   密集书库/ [索取号:G43/69] 在馆    
27 0396442   203964424   密集书库/ [索取号:G43/69] 在馆    
28 0396443   203964433   密集书库/ [索取号:G43/69] 在馆    
29 0396444   203964442   密集书库/ [索取号:G43/69] 在馆    
30 0396445   203964451   密集书库/ [索取号:G43/69] 在馆    
31 0396446   203964460   密集书库/ [索取号:G43/69] 在馆    
32 0396447   203964479   密集书库/ [索取号:G43/69] 在馆    
33 0396448   203964488   密集书库/ [索取号:G43/69] 在馆    
34 0396449   203964497   密集书库/ [索取号:G43/69] 在馆    
35 0396450   203964503   密集书库/ [索取号:G43/69] 在馆    
36 0396451   203964512   密集书库/ [索取号:G43/69] 在馆    
37 0767366   207673668   密集书库/ [索取号:G43/69] 在馆    
唐山师范学院图书馆 欢迎您!
大连网信软件有限公司© 版权所有